Let land market down (Record no. 118032)

MARC details
000 -LEADER
fixed length control field 01161cam a2200241 4500
001 - CONTROL NUMBER
control field WB@3612-817
008 - FIXED-LENGTH DATA ELEMENTS--GENERAL INFORMATION
fixed length control field 040922n2004 000 0 eng u
035 ## - SYSTEM CONTROL NUMBER
System control number (Sirsi) u127489
245 ## - TITLE STATEMENT
Title Let land market down
260 ## - PUBLICATION, DISTRIBUTION, ETC.
Date of publication, distribution, etc. 2004
490 ## - SERIES STATEMENT
Series statement Farmers' Weekly
Volume/sequential designation 141(12) 17-23 September 2004, 20(1)
520 ## - SUMMARY, ETC.
Summary, etc. According to the "2003 tenanted farms survey", carried out by the Central Association of Agricultural Valuers, there was a decline in all levels of activity in both England and Wales. There was less fresh land let than in any year since farm business tenancies were introduced in 1995, partly due to uncertainty over the latest round of CAP reform. Tenants perceived to be new entrants took 9% of the new lettings, up from 6% in 2002. The area let on new farm business tenancies declined from 188 000 acres in 2002 to 146 000 in 2003.
590 ## - LOCAL NOTE (RLIN)
Local note WB
590 ## - LOCAL NOTE (RLIN)
Local note WB
650 ## - SUBJECT ADDED ENTRY--TOPICAL TERM
Topical term or geographic name entry element AGRICULTURAL HOLDINGS
650 ## - SUBJECT ADDED ENTRY--TOPICAL TERM
Topical term or geographic name entry element PROPERTY-LANDLORD AND TENANT-TENANCIES-AGRICULTURAL TENANCIES
650 ## - SUBJECT ADDED ENTRY--TOPICAL TERM
Topical term or geographic name entry element TENANTED FARMLAND
650 ## - SUBJECT ADDED ENTRY--TOPICAL TERM
Topical term or geographic name entry element TENANTED FARMS
650 ## - SUBJECT ADDED ENTRY--TOPICAL TERM
Topical term or geographic name entry element INVESTMENT
650 ## - SUBJECT ADDED ENTRY--TOPICAL TERM
Topical term or geographic name entry element SURVEYS
690 ## - LOCAL SUBJECT ADDED ENTRY--TOPICAL TERM (OCLC, RLIN)
Topical term or geographic name as entry element RURAL-MARKET
942 ## - ADDED ENTRY ELEMENTS (KOHA)
Suppress in OPAC 0
Holdings
Withdrawn status Lost status Source of classification or shelving scheme Damaged status Not for loan Home library Current library Shelving location Date acquired Total Checkouts Full call number Barcode Date last seen Copy number Price effective from Koha item type
    Dewey Decimal Classification     London London News article 22/09/2004   WB4036-14 127489-1001 06/08/2019 1 06/08/2019 News article